000 01109nac a22003137a 4500
001 BR0202900
003 BR-BrBNA
005 20240105122657.0
008 230509b bl.|||m| |||| 00| 0 por d
040 _aBR-BrBNA
_bpor
_cBiblioteca Nacional de Agricultura
072 _aH10
090 _a0230 BR0202900
100 1 _aLima Filho, M.
100 1 _aPeixoto, S.M.
110 1 _aUniversidade Federal Rural do Rio de Janeiro, Campos dos Goitacazes (Brasil). Campus "Dr. Leonel Miranda"
_911224
245 1 _aCupins subterrâneos em cana-de-açúcar no Estado do Espírito Santo, Nordeste de Minas Gerais e Sul da Bahia - monitoramento e controle
260 3 _aCamapos dos Goitacazes, RJ (Brasil):
_c1998.
300 _a8 p.
490 _aBoletim Técnico - Universidade Federal Rural do Rio de Janeiro (Brazil)
_vno. 8
_x
500 _a17 ref.; 5 tables
650 _aCANA DE AÇÚCAR
650 _aCUPIM
650 _aCONTROLE QUÍMICO
650 _aESPÍRITO SANTO
650 _aMINAS GERAIS
650 _aBAHIA
909 _a202312
_bLúcia Elande
_c55
_dLúcia Elande
942 _2AGRIS
_n0
_cMS
999 _c292269
_d292269